000 00325nam a2200121Ia 4500
008 240624s9999 xx 000 0 und d
041 _aeng
082 _a823 SEG
100 _aSEGAL ERICH
245 _aLOVE STORY LOVE MEANS NEVER HAVING TO SA
260 _c2006
_aLondon
_bHodder & Stoughton Ltd.
300 _a133 : p. : cm. ; 18
999 _c8864
_d8864